| 000 | 00508nam a2200217Ia 4500 | ||
|---|---|---|---|
| 003 | OSt | ||
| 005 | 20231204101046.0 | ||
| 008 | 210210b1958 xxu||||| |||| 00| 0 eng d | ||
| 040 | _cAL | ||
| 041 | _aeng | ||
| 082 | _a825/431 | ||
| 100 |
_aHOPKINS (Kenneth) _9144149 |
||
| 245 | _aPortraits in satire | ||
| 260 |
_aLondon _b- _c1958 |
||
| 650 |
_asatire _9144150 |
||
| 650 |
_aPortraits _9144151 |
||
| 650 |
_ain _9144152 |
||
| 690 |
_aEnglish Criticism _9144153 |
||
| 906 | _a014747 | ||
| 942 |
_2ddc _cBK |
||
| 999 |
_c133966 _d133966 |
||